The Chase Is On! (Logic Puzzle) Quiz Stats

 Plays Quiz Updated Dec 11, 2019

Score 0/25 Timer 15:00
1 Play Today
Departing Flight, (Time) Villain, Henchman, or Clear % Correct


 Mumbai,
India
(5:00)

???
83.4%


 Washington,
United States
(5:15)

???
83.2%


 Venice,
Italy
(5:00)

???
75.1%


 Auckland,
New Zealand
(5:05)

???
71.4%


 Havana,
Cuba
(5:10)

???
70.6%


 Istanbul,
Turkey
(5:15)

???
69.9%


 Moscow,
Russia
(6:25)

???
64.5%


 Tokyo,
Japan
(7:10)

???
63.1%


 Shanghai,
China
(7:05)

???
57.9%


 Cape Town,
South Africa
(5:45)

???
57%


 São Paulo,
Brazil
(6:10)

???
46.9%


 Buenos Aires,
Argentina
(5:50)

???
43%


 Djibouti,
Djibouti
(6:15)

???
40.2%
Departing Flight, (Time) Villain, Henchman, or Clear % Correct


 Casablanca,
Morocco
(6:15)

???
40.1%


 Toronto,
Canada
(6:10)

???
39.6%


 Lagos,
Nigeria
(6:00)

???
34.9%


 Lima,
Peru
(5:50)

???
34.8%


 Sydney,
Australia
(6:25)

???
34.5%

 London,
United
Kingdom
(5:30)

???
30.9%


 Cairo,
Egypt
(6:20)

???
30.2%


 Seoul,
South Korea
(5:45)

???
27.7%


 Barcelona,
Spain
(5:45)

???
22.9%


 Athens,
Greece
(6:20)

???
22.7%


 Budapest,
Hungary
(6:00)

???
22.2%


 Karachi,
Pakistan
(6:05)

???
16.4%

You're not logged in!

Compare scores with friends on all Sporcle quizzes.
OR
Log In

Sporcle TV

Today on Sporcle TV


Watch our educational content, quiz creation guides, and fun videos on Sporcle TV.

Show Comments

Extras

Top Quizzes Today


Score Distribution

Your Account Isn't Verified!

In order to create a playlist on Sporcle, you need to verify the email address you used during registration. Go to your Sporcle Settings to finish the process.

Report this User

Report this user for behavior that violates our Community Guidelines.

Details: